| 000 | 00629nam a2200253Ia 4500 | ||
|---|---|---|---|
| 003 | OSt | ||
| 005 | 20221005092845.0 | ||
| 006 | a|||||r|||| 00| 0 | ||
| 007 | ta | ||
| 008 | 221004b |||||||| |||| 00| 0 eng d | ||
| 024 | _a46375 | ||
| 037 | _cTextual | ||
| 040 |
_aCRL _cCRL _beng |
||
| 041 |
_2eng _aeng |
||
| 082 | _aQ1, N4 | ||
| 100 | _aKlostermaier Klaus K | ||
| 245 | 0 | _aSurvey of Hinduism | |
| 250 | _a2nd | ||
| 260 |
_aNew York _bState University of New Press _c1994 |
||
| 300 |
_a715p _ccm. |
||
| 650 | _aRELIGION | ||
| 942 |
_hQ1, N4 _cTEXL _2cc |
||
| 999 |
_c999476 _d999476 |
||